000 00606nam a22002177a 4500
003 OSt
005 20140310182938.0
008 130201t xxu||||| |||| 00| 0 eng d
020 _a9789715426350
050 _aDS 686.5
_b.P785 2010
082 _aFIL 959.9051
_b.P785 2010
245 _aThe Forest
_ba personal record of the huk guerrilla struggle in the Philippines
260 _aNew York
_bInternational Publishers
_cc2010
300 _a224 p.
_c23 cm.
521 _acollege students
526 _c1210L-1700L
541 _j1
541 _j2
562 _e2
942 _2lcc
_cBK
_kFIL
999 _c17660
_d17660